Možnosti uplatnenia vybraných metód v podnikovej diagnostike dizertačná práca
Saved in:
| Main Author: | |
|---|---|
| Corporate Author: | |
| Other Authors: | |
| Format: | Book |
| Language: | Slovak |
| Published: |
Bratislava
2009
|
| Subjects: | |
| Tags: |
No Tags, Be the first to tag this record!
|
MARC
| LEADER | 00000nam$a2200000$$$4500 | ||
|---|---|---|---|
| 001 | 0102166 | ||
| 005 | 20240502072118.7 | ||
| 041 | 0 | |a slo | |
| 044 | |a SK | ||
| 245 | 1 | 0 | |a Možnosti uplatnenia vybraných metód v podnikovej diagnostike |b dizertačná práca |c Ján Krajčovič ; škol. Anna Neumannová |
| 264 | 1 | |a Bratislava |c 2009 | |
| 300 | |a 153 s. | ||
| 610 | 2 | 0 | |a diagnostika podniková |
| 610 | 2 | 0 | |a stratégia podniková |
| 610 | 2 | 0 | |a rast podniku |
| 100 | 1 | |a Krajčovič, Ján | |
| 700 | 1 | |a Neumannová, Anna | |
| 710 | 2 | |a Fakulta podnikového manažmentu EU. Katedra podnikovohospodárska | |